| 000 | 01097nam a2200289 a 4500 | ||
|---|---|---|---|
| 005 | 20091211155248.0 | ||
| 008 | 030212s2003 nyua b 000 1 eng | ||
| 020 |
_a037582524X _c100.00 |
||
| 020 |
_a0375925244 _c100.00 |
||
| 037 | _bBlueberry Books | ||
| 040 |
_adpl _bEnglish |
||
| 082 | _aS | ||
| 100 |
_aGreenburg, J. C. _q(Judith C.) |
||
| 245 |
_aIn the whale / _cby J.C. Greenburg ; illustrated by Mike Reed |
||
| 260 |
_aNew York _bRandom House _c2003 |
||
| 300 |
_a84 p. : _bill. _c20 cm(pbk) |
||
| 490 |
_aAndrew lost ; _v6 |
||
| 500 | _a"A stepping stone book." | ||
| 520 | _aWhile trying to recover from their accidental underwater adventure, Andrew, his cousin Judy, and Thudd the robot are swallowed by a blue whale, the world's largest creature. | ||
| 650 |
_aBlue whale _vFiction. |
||
| 650 |
_aWhales _vFiction. |
||
| 650 |
_aCousins _vFiction. |
||
| 700 | _aReed. Mike | ||
| 942 |
_2ddc _cCH _hS _mGRE |
||
| 999 |
_c32584 _d32584 |
||